| 000 | 00791nam a2200229 a 4500 | ||
|---|---|---|---|
| 001 | 49194 | ||
| 003 | BD-RjUL | ||
| 005 | 20211209054640.0 | ||
| 008 | 160818s1985 bg a|||| ||| 000 0 ben d | ||
| 020 | _c: Tk. 15.00 | ||
| 035 | _a(BD-RjUL)49313 | ||
| 040 |
_aBD-RjUL _bben _cBD-RjUL _dBD-RjUL |
||
| 041 | _aben | ||
| 082 |
_223 _a891.441 _bGOU 1985 |
||
| 100 | 1 |
_aগণি, এ বি এম ওসমান _9147871 |
|
| 245 | 1 | 0 |
_aউথাল পাতাল ঢেউ / _cএ বি এম ওসমান গণি |
| 260 |
_aচট্টগ্রাম : _bউত্তরণ প্রকাশনী, _c১৯৮৫ |
||
| 300 |
_a৩০ পৃ. ; _c২২ সেমি. |
||
| 650 |
_aবাংলা কবিতা _9147872 |
||
| 650 |
_aBengali poetry _9147873 |
||
| 942 |
_2ddc _cBK |
||
| 999 |
_c49194 _d49194 |
||